000 00548nam a2200193Ia 4500
999 _c32377
_d32377
003 OSt
005 20201116105636.0
008 190216s9999||||xx |||||||||||||| ||und||
020 _a9788173192692
040 _coclc
082 _a512.02
_bGAL/C
100 _aGallian, Joseph A
_96599
245 0 _aContemporary Abstract Algebra /
_cJoseph A Gallian
250 _a4th Ed.
260 _bNarosa Pubs House,
_c2009.
_aNew Delhi:
300 _a638p
650 _aMathematics
942 _cBK
_2ddc
_h512.02
_iGAL/C
_k512.02
_mGAL/C